000 00785nam a2200229Ia 4500
003 GCL
005 20240530103155.0
008 140319s9999 xx 000 0 ara d
020 _a8130005977
040 _aGCL /
_cGCL
082 0 4 _a375.001
_bو ت
100 1 _aمجدى عزيز ابراهيم
245 1 0 _aتنظيمات معاصرة للمناهج رؤى تربوية للقرن الحادى والعشرين /
_cمجدى عزيز ابراهيم
260 _aالقاهرة :
_bمكتبة الانجلوالمصرية ،
_c1994
300 _a148 ص ؛
_c24 سم
650 0 4 _aطرق التدريس
650 0 4 _aالتربية
650 0 4 _aالمناهج
650 0 4 _aالتخطيط التربوى
700 1 _aوليم تاوضروس عبيد
942 _2ddc
_cBK
999 _c37338
_d37338